| 000 | 00840cab a2200241 4500 | ||
|---|---|---|---|
| 001 | ABS52280 | ||
| 008 | 090401t1995 xxu||||| |||| 00| 0 eng d | ||
| 035 | _a(Sirsi) u70482 | ||
| 041 | _aeng | ||
| 100 | _aRutherford, L. | ||
| 245 | _aTree preservation and nuisance | ||
| 260 | _c1995 | ||
| 350 | _a0 | ||
| 490 |
_aJournal of Planning and Environment Law _vFebruary 1995, 102-106(5) |
||
| 520 | _aDiscusses the responses to the government consultation paper "Review of tree preservation policies and legislation" and seeks to examine the relationship between tree preservation and the law of nuisance. | ||
| 650 | _aCONSULTATION PAPERS | ||
| 650 | _aTOWN AND COUNTRY PLANNING ACT 1990 S198 | ||
| 650 | _aTREE PRESERVATION ORDERS (TPOs) | ||
| 690 | _aCONSERVATION | ||
| 700 | _aBone, S. | ||
| 942 | _n0 | ||
| 948 | _c04/03/1997 | ||
| 999 |
_c44332 _d44332 |
||